000 003110000a22001450004500
020 _a0-7251-764-3
082 0 4 _aB R299p
100 1 _aRepchuk, Caroline
245 1 0 _aPolly Pup / Caroline Repchuk
260 _aChina : Parragon
300 _a16 P.
500 _aTexto pasta dura
001 945
942 _cLGB
999 _c48125
_d48125